Countries with the most internet users - Statistics

General Stats
  • This quiz has been taken 91 times
  • The average score is 17 of 20
Answer Stats
Hint Answer % Correct
254,295,536 United States of America
100%
568,192,066 China
99%
54,473,474 France
98%
568,192,068 India
98%
100,684,474 Japan
98%
99,357,737 Brazil
97%
68,296,919 Germany
97%
75,926,004 Russia
95%
54,861,245 United Kingdom
95%
29,760,764 Canada
94%
44,173,551 Mexico
93%
35,531,527 Italy
92%
33,870,948 Spain
91%
38,191,873 Indonesia
83%
41,091,681 South Korea
83%
36,881,374 Egypt
73%
35,990,932 Turkey
70%
36,140,967 Vietnam
66%
37,602,976 Philippines
65%
55,000,000 Nigeria
58%
No matching quizzes found
Score Distribution
Percent of People with Each Score
Percentile by Number Answered
Your Score History
You have not taken this quiz